Vista normal
Vista MARC
Entrada Corporate Name
Número de registros utilizados en: 3
001 - CONTROL NUMBER
- control field: 8594
003 - CONTROL NUMBER IDENTIFIER
- control field: OSt
005 - DATE AND TIME OF LATEST TRANSACTION
- control field: 20200811150854.0
008 - FIXED-LENGTH DATA ELEMENTS
- fixed length control field: 200811|| aca||aabn | a|a d
040 ## - CATALOGING SOURCE
- Original cataloging agency: OSt
- Transcribing agency: OSt
110 ## - HEADING--CORPORATE NAME
- Corporate name or jurisdiction name as entry element: Federación de Aseguradores Colombianos
670 ## - SOURCE DATA FOUND
- Source citation: Work cat.: (OSt)5997: Federación de Aseguradores Colombianos, La Industria Aseguradora en Colombia /, 2011.